The philosophy of David Hume /

Bibliographic Details
Main Author: Hume, David, 1711-1776
Other Authors: Chappell, V. C. (Vere Claiborne), 1930-
Format: Book
Language:English
Published: New York : Modern Library, [1963]
Series:The Modern library of the world's best books [340]

MARC

Tag First Indicator Second Indicator Subfields
LEADER 00000cam a2200000 4500
001 in00000056332
005 20151007081858.0
008 701217s1963 nyu b 00010 eng
010 |a  63016158  
035 |a (OCoLC)00371732 
035 |9 AAF7047AM 
040 |a DLC  |c DLC  |d TXA  |d UtOrBLW 
049 |a TXAM  |c [369510] 
050 0 0 |a B1455  |b .C5 
082 0 |a 192 
092 |a 192  |b H921p 1963 
100 1 |a Hume, David,  |d 1711-1776. 
245 1 4 |a The philosophy of David Hume /  |c Edited, and with an introd., by V. C. Chappell. 
264 1 |a New York :  |b Modern Library,  |c [1963] 
300 |a lxx, 596 pages ;  |c 19 cm. 
336 |a text  |b txt  |2 rdacontent 
337 |a unmediated  |b n  |2 rdamedia 
338 |a volume  |b nc  |2 rdacarrier 
490 0 |a The Modern library of the world's best books [340] 
504 |a Bibliography: pages [lxiii]-lxvii. 
505 0 |a My own life.--A treatise of human nature (selections)--An inquiry concerning human understanding (selections)--An inquiry concerning the principles of morals (selections)--Of the standard of taste.--Dialogues concerning natural religion. 
700 1 |a Chappell, V. C.  |q (Vere Claiborne),  |d 1930- 
999 |a MARS 
999 f f |s c5dd2c0c-2370-3ba4-9032-98e1515d1fa8  |i 1b82ea52-ee1e-3514-9dc8-82c58d87bef5  |t 0 
952 f f |p ric  |a Texas A&M University  |b Rellis Campus  |c Joint Library Facility  |d Remote Storage  |t 0  |e B1455 .C5  |h Library of Congress classification  |i unmediated -- volume  |m A14800542431 
998 f f |a B1455 .C5  |t 0  |l Remote Storage